000 00953nam a22003137a 4500
003 CHAP
005 20220329143916.0
008 120809s1987 us r 00010 spa d
010 _a103577
011 _a104549
020 _a9780070542341
035 _a115239
040 _cCHAP
082 0 4 _a515
_bR91 1987
100 0 0 _aRudin, Walter.
_9100533
245 1 _aReal and complex analysis
_c/por Walter Rudin
250 _a3 ed.
260 _aBosto Massachusetts,
_bMcGraw-Hill,
_cc1987
300 _a416 p.
490 0 _aSeries in higher mathematics
590 _aBATCH-UPD
_b10
_c20130110
_lUCH01
_h1715
590 _aBATCH-UPD
_b10
_c20130410
_lUCH01
_h1059
590 _aCONVERSION
_b10
_c20130109
_lUCH01
_h1357
650 1 4 _aAnalisis matematico.
_95988
830 0 _aSeries in higher mathematics
_9105134
901 _aBK
942 _cLIBRO
949 _a515 R91 1987
_bBC
_cLIBRO
_d33724002345223
_eLIBRO
_gI.260790
_h117232
_i115239
_st
_t$2510.19
999 _c103577
_d103577